Nonlinear Systems/ (Record no. 200799)

MARC details
000 -LEADER
fixed length control field 00602nam a22001937a 4500
005 - DATE AND TIME OF LATEST TRANSACTION
control field 20240215151655.0
010 ## - LCCN (DPL NO)
LC control number ENG-139290
020 ## - INTERNATIONAL STANDARD BOOK NUMBER
International Standard Book Number 9789332542037
Terms of availability 725.00
035 ## - SYSTEM CONTROL NUMBER
System control number EN-122822
037 ## - SOURCE OF ACQUISITION
Source of stock number/acquisition DBAD/PUB
082 ## - DEWEY DECIMAL CLASSIFICATION NUMBER
Classification number 621.366
100 ## - MAIN ENTRY--PERSONAL NAME
Personal name K. Khalil ,Hassan
245 ## - TITLE STATEMENT
Title Nonlinear Systems/
Statement of responsibility, etc Hassan K. Khalil
250 ## - EDITION STATEMENT
Edition statement 3
260 ## - PUBLICATION, DISTRIBUTION, ETC. (IMPRINT)
Place of publication, distribution, etc uttar pradesh
Name of publisher, distributor, etc Pearson India Education Services Pvt.Ltd
Date of publication, distribution, etc 2014
270 ## - ADDRESS
Address 15 floor ,Tower B,World Trade Tower,Plot no1,Block-C,Sector 16
City Noida
Postal code 201301
300 ## - PHYSICAL DESCRIPTION
Extent 566p.
Dimensions 23cm(hbk)
942 ## - ADDED ENTRY ELEMENTS (KOHA)
Source of classification or shelving scheme Dewey Decimal Classification
Item type English Books
Classification part 621.366
Call number suffix KHA
Holdings
Withdrawn status Lost status Not for loan Collection code Home library Current library Date acquired Source of acquisition Cost, normal purchase price Full call number Barcode Copy number Cost, replacement price Koha item type
      Non-fiction Peshwa Road Peshwa Road 15/02/2024 DBAD/PUB 725.00 621.366 KHA EN-122822 1 725.00 English Books

© Delhi Public Library
Hit Counter
free hit counter